| 000 | 01389cam a22003731i 4500 | ||
|---|---|---|---|
| 001 | 7888128 | ||
| 003 | EG-ScBUE | ||
| 005 | 20240526091909.0 | ||
| 008 | 770817s1939 enk f b 001 0 eng d | ||
| 035 | _a(OCoLC)3195206 | ||
| 040 |
_aDLC _beng _erda _cOTU _dDLC _dEG-ScBUE |
||
| 041 | 1 |
_aeng _hfre |
|
| 043 | _ae-uk--- | ||
| 082 | 0 | 4 |
_a942.07 _222 _bHAL |
| 100 | 1 |
_aHalévy, Élie, _d1870-1937, _eauthor. _910939 |
|
| 245 | 1 | 2 |
_aA history of the English people / _cby Elie Halévy ; translated from the French by E. I. Watkin. |
| 264 | 1 |
_aLondon : _bPelican Books, _c1939. |
|
| 300 |
_a216 pages ; _c16 cm. |
||
| 336 |
_2rdacontent _atext _btxt |
||
| 337 |
_aunmediated _2rdamedia _bn |
||
| 338 |
_avolume _bnc _2rdacarrier |
||
| 490 | 0 | _aPelican books | |
| 504 | _aIncludes bibliographical references and index. | ||
| 505 | 2 | _aEpilogue Vol. 1 1895-1905 Book I Imperialism. | |
| 546 | _aText in English ; translated from the original French. | ||
| 651 | 7 |
_aGreat Britain _xHistory _y19th century. _2BUEsh _910940 |
|
| 651 | 7 |
_aGreat Britain _xCivilization. _2BUEsh _910941 |
|
| 651 | 7 |
_aGreat Britain _xEconomic conditions. _2BUEsh _910942 |
|
| 651 | 7 |
_aGreat Britain _xHistory _y20th century. _2BUEsh _910943 |
|
| 655 | _vReading book | ||
| 700 | 1 |
_aWatkin, E. I. _q(Edward Ingram), _d1888-1981, _etranslator. _910944 |
|
| 942 |
_2ddc _cBB |
||
| 999 |
_c13274 _d13274 |
||